000 00309nam a2200133Ia 4500
005 20260328101509.0
008 260328s9999||||xx |||||||||||||| ||und||
100 _aHenze, Anton
245 0 _aLe Corbusier /
_cAnton Henze
260 _bFabril Editora
300 _a149 p.
650 _aARQUITECTOS
942 _cBK
999 _c9120
_d9120